Las obligaciones

Na minha lista:
Detalhes bibliográficos
Autor principal: Abeliuk Manasevich, René (Author)
Formato: Livro
Idioma:espanhol
Publicado em: Santiago Jurídica de Chile 2010
Edição:5a. ed
Assuntos:
Tags: Adicionar Tag
Sem tags, seja o primeiro a adicionar uma tag!

MARC

LEADER 00000nam a2200000 a 4500
001 UCG6936
003 CL-VaPUC
005 20250416110211.0
008 110602e20100500CL |||||||||||||||||spa|d
999 |c 345043  |d 345041 
020 |a 9789561019775o.c 
020 |a 9789561019782t.1 
020 |a 9789561019799t.2 
040 |c Pontificia Universidad Católica de Valparaíso 
082 0 4 |a 346.8302 ABE 2010  |2 21 
100 0 |a Abeliuk Manasevich, René  |e author  |9 557367 
245 1 4 |a Las obligaciones 
250 |a 5a. ed 
260 |a Santiago  |b Jurídica de Chile  |c 2010 
300 |a t 
583 |a last modification  |c 20110602 00:00:00  |k Rodrigo Vera 
650 0 |a Obligaciones   |9 255578 
650 0 |a Derecho civil chileno  |9 320612 
650 0 |a Fuentes del derecho   |9 255162 
650 0 |a Código civil chileno  |9 255931 
942 |c BK  |2 ddc 
945 |d 20110602 00:00:00  |a dcastane 
952 |0 0  |1 0  |4 0  |6 346_830200000000000_ABE_2010  |7 0  |8 A  |9 443454  |a BIBDER  |b BIBDER  |d 2019-11-22  |h t.1  |i 4780566  |l 5  |o 346.8302 ABE 2010  |p 4780566  |r 2024-04-11  |s 2024-04-05  |w 2019-11-22  |y BK  |k DER 
952 |0 0  |1 0  |4 0  |6 346_830200000000000_ABE_2010  |7 0  |8 A  |9 443455  |a BIBDER  |b BIBDER  |d 2019-11-22  |h t.1  |i 4780574  |l 2  |o 346.8302 ABE 2010  |p 4780574  |r 2024-04-16  |s 2024-04-16  |w 2019-11-22  |y BK  |k DER 
952 |0 0  |1 0  |4 0  |6 346_830200000000000_ABE_2010  |7 0  |8 A  |9 443456  |a BIBDER  |b BIBDER  |d 2019-11-22  |h t.1  |i 4780582  |l 2  |o 346.8302 ABE 2010  |p 4780582  |r 2024-04-12  |s 2024-04-08  |w 2019-11-22  |y BK  |k DER 
952 |0 0  |1 0  |4 0  |6 346_830200000000000_ABE_2010  |7 0  |8 A  |9 443457  |a BIBDER  |b BIBDER  |d 2019-11-22  |h t.1  |i 4780590  |l 8  |o 346.8302 ABE 2010  |p 4780590  |r 2024-10-02  |s 2024-10-02  |w 2019-11-22  |y BK  |k DER 
952 |0 0  |1 0  |4 0  |6 346_830200000000000_ABE_2010  |7 0  |8 A  |9 443458  |a BIBDER  |b BIBDER  |d 2019-11-22  |h t.2  |i 4780604  |l 1  |m 1  |o 346.8302 ABE 2010  |p 4780604  |r 2024-04-16  |s 2024-04-09  |w 2019-11-22  |y BK  |k DER 
952 |0 0  |1 0  |4 0  |6 346_830200000000000_ABE_2010  |7 0  |8 A  |9 443459  |a BIBDER  |b BIBDER  |d 2019-11-22  |h t.2  |i 4780612  |l 1  |o 346.8302 ABE 2010  |p 4780612  |r 2024-10-03  |s 2024-10-03  |w 2019-11-22  |y BK  |k DER 
952 |0 0  |1 0  |4 0  |6 346_830200000000000_ABE_2010  |7 0  |8 A  |9 443460  |a BIBDER  |b BIBDER  |d 2019-11-22  |h t.2  |i 4780620  |l 1  |m 1  |o 346.8302 ABE 2010  |p 4780620  |r 2023-01-25  |s 2020-03-04  |w 2019-11-22  |y BK  |k DER 
952 |0 0  |1 0  |4 0  |6 346_830200000000000_ABE_2010  |7 0  |8 A  |9 443461  |a BIBDER  |b BIBDER  |d 2019-11-22  |h t.2  |i 4780639  |l 4  |o 346.8302 ABE 2010  |p 4780639  |r 2024-04-26  |s 2024-04-26  |w 2019-11-22  |y BK  |k DER